000 00255pab a2200109 454500
008 180718b xxu||||| |||| 00| 0 eng d
100 _aRajendra Prasad, R.J.
245 _aTackling natural calamities
650 _aDisasters
773 _aHindu
909 _a23382
999 _c23382
_d23382